| 000 | 00759nam a22002177a 4500 | ||
|---|---|---|---|
| 005 | 20240530110506.0 | ||
| 008 | 151011s2012 ua g 000 h ara d | ||
| 017 |
_a2011/13808 _bمصر . دار الكتب المصرية |
||
| 020 | _a9789773143948 | ||
| 040 | _aEG-CaGPL | ||
| 082 | 0 | 4 |
_221 _a817\ _bإ أ |
| 100 | 0 | _aاسامة محمد مصطفى الفقى | |
| 245 |
_aابتسم علام لا تبتسم ؟ / _cاسامة محمد مصطفى الفقى |
||
| 250 | _aط1 | ||
| 260 |
_aالقاهرة : _bزهراء الشرق ، _c2012 . |
||
| 300 |
_a135 ص ؛ _c24 سم . |
||
| 650 | 0 | 4 | _aالادب العربى |
| 650 | 0 | 4 | _aالادب العربى الهزلى |
| 650 | 0 | 4 | _aالاهاجى و الفكاهات العربية |
| 942 |
_2ddc _cBK |
||
| 999 |
_c61562 _d61562 |
||